000 00454nam a2200157 i 4500
001 36535
003 ES-MaACL
005 20230906155404.0
007 t|
008 030218s1921 gt ||||1| spa d
100 1 _aBrañas, César.
_931374
245 1 0 _aAntigua /
_cversos que en elogio de la augusta ciudad escribió César Brañas.
260 _aGuatemala :
_b[s.n.,
_c1921] (
_fImp. Royal)
300 _a156 p. ;
_c20 cm.
852 _aES-MaACL
_jC-3428
999 _c36535
_d36535